Ideas / (Record no. 3057)

MARC details
000 -LEADER
fixed length control field 00444nam a22001577a 4500
005 - DATE AND TIME OF LATEST TRANSACTION
control field 20181023171325.0
008 - FIXED-LENGTH DATA ELEMENTS--GENERAL INFORMATION
fixed length control field 181023b ||||| |||| 00| 0 eng d
040 ## - CATALOGING SOURCE
Transcribing agency DLC
082 ## - DEWEY DECIMAL CLASSIFICATION NUMBER
Classification number 268.3
Item number R495I
100 ## - MAIN ENTRY--PERSONAL NAME
Personal name Rice, Wayne and Yaconelli, Mike
245 ## - TITLE STATEMENT
Title Ideas /
Statement of responsibility, etc. By Wayne Rice and Mike Yaconelli
260 ## - PUBLICATION, DISTRIBUTION, ETC.
Place of publication, distribution, etc. California :
Name of publisher, distributor, etc. Wayne Rice and Mike Yaconelli,
Date of publication, distribution, etc. c1979.
300 ## - PHYSICAL DESCRIPTION
Extent 52 p.;
650 ## - SUBJECT ADDED ENTRY--TOPICAL TERM
Topical term or geographic name entry element Youth
General subdivision christian life
942 ## - ADDED ENTRY ELEMENTS (KOHA)
Source of classification or shelving scheme Dewey Decimal Classification
Koha item type Books
Holdings
Withdrawn status Lost status Source of classification or shelving scheme Damaged status Not for loan Collection code Home library Current library Shelving location Date acquired Serial Enumeration / chronology Total Checkouts Full call number Barcode Date last seen Price effective from Koha item type
    Dewey Decimal Classification     Non-fiction Harvest Mission College Harvest Mission College General Stacks 23.10.2018 Number 24   268.3 R495I 002260 23.10.2018 23.10.2018 Books
    Dewey Decimal Classification     Non-fiction Harvest Mission College Harvest Mission College General Stacks 23.10.2018 Number 25   268.3 R495I 002259 23.10.2018 23.10.2018 Books

OPAC Designed and Maintained by HMC Library Team.
Copyright © HMC Library,Greater Noida, UP.
For any Suggestions/Query Contact library via Email:libhmc@gmail.com